000 00628nam a2200205 a 4500
001 000017622
005 20200929165155.0
008 100329s2005 dr 000 0 spa d
040 _aDO-SdBNP
_bspa
_cBNPHU
082 _a615.1
_bL579m, 2005
100 1 _aLeón, Mélida de
_938428
245 1 0 _aManual de prácticas de farmacología /
_cMélida de León.
250 _a4a. ed.
260 _aSanto Domingo :
_bMediabyte,
_c2005.
300 _a2v ;
_c28 cm.
500 _aLa biblioteca posee el v.1
590 _aInventariado, 2018/LP
650 4 _aFarmacología
_xManuales
_938429
910 _aValidado. Control de calidad MFF
999 _c17147
_d17147